Top 384 Girls names of 1998 (Spellings Combined) Quiz Stats

 Plays Quiz not verified by Sporcle

Challenge
Share
Tweet
Embed
Score 0/300 Timer 20:00
0 Plays Today
Rank Name % Correct
274Anne
93.4%
31Anna, Ana (141)
93.1%
1Emily, Emilee (353)
92.7%
20Jennifer
92%
8Jessica
91.9%
33Katherine, Kathryn (90), Catherine (102)
91.8%
10Elizabeth, Elisabeth (382)
91.5%
22Emma
91.5%
2Hannah, Hanna (165)
90.9%
45Mary
90.8%
5Sarah, Sara (48)
90.7%
74Laura
90.5%
43Maria
90.1%
15Rachel, Rachael (170)
89.5%
14Lauren
89.3%
21Olivia
89.1%
32Julia
88.6%
3Samantha
88%
69Christina, Kristina (192), Cristina (315)
87.7%
4Ashley, Ashlee (267), Ashleigh (288)
87.5%
16Victoria
87.4%
168Julie
87.3%
118Isabel, Isabelle (196)
86.4%
30Rebecca, Rebekah (155)
86.2%
54Grace
85.7%
96Amy
85.5%
19Amanda
85.4%
38Allison, Allyson (186), Alison (188)
84.9%
93Alexa
84.8%
59Melissa
84%
75Caroline, Carolyn (327)
83.5%
272Kate
83.4%
24Nicole
83.3%
364Marie
83.3%
27Alexandra
83.3%
29Stephanie
83.3%
297Rose
83.2%
55Michelle
83%
40Natalie
82.8%
139Angel
82.5%
88Katie
82.5%
13Megan, Meghan (121), Meagan (263)
82.4%
122Zoe
82.2%
169Lily
82.1%
35Haley, Hailey (70), Hayley (151), Haylee (357)
81.9%
6Alexis, Alexus (184)
81.9%
9Madison
81.9%
175Christine
81.8%
87Chloe
81.4%
41Danielle
81.3%
114Margaret
81.2%
53Kimberly
80.9%
18Abigail
80.8%
84Isabella
80.8%
36Kaitlyn, Katelyn (58), Caitlin (78), Caitlyn (115), Kaitlin (120), Katelynn (210), Katlyn (261), Kaitlynn (356)
80.7%
17Brianna, Breanna (76), Briana (79), Bryanna (292)
80.5%
25Brittany, Brittney (143)
80.3%
350Ava
80.1%
89Kelly
80%
345Eva
80%
65Jenna
79.7%
100Angela
79.5%
230Lisa
79.2%
37Amber
79.1%
83Diana
78.9%
305Charlotte
78.9%
57Erin
78.7%
99Heather
78.5%
178Evelyn
78.5%
108Molly
78.4%
61Andrea
78.2%
107Leah
78%
12Kayla
77.9%
52Vanessa
77.9%
11Alyssa, Alissa (250)
77.7%
106Faith
77.1%
98Alicia, Alisha (341)
76.4%
217Amelia
76.4%
163Holly
75.6%
92Erica, Erika (124)
75.5%
39Courtney
75.4%
73Sophia, Sofia (232)
75.3%
127Veronica
75.1%
50Madeline, Madelyn (162), Madeleine (216)
75%
180Patricia
75%
91Claire
74.7%
135Melanie
74.7%
47Gabrielle
74.6%
26Jasmine, Jasmin (177), Jazmin (207), Jazmine (219)
74.5%
7Taylor
74.5%
23Morgan
74.4%
324Annie
74.3%
145Audrey
74.1%
130Mia
74%
42Jordan, Jordyn (197)
73.7%
116Gabriella, Gabriela (129)
73.7%
117Kylie, Kylee (234)
73.4%
160Hope
73.3%
101Kristen, Kristin (211)
73.1%
176Kara, Cara (359)
73%
Rank Name % Correct
379Jessie
72.6%
81Alexandria
72.3%
174Lillian
72.3%
94Chelsea, Chelsey (348)
71.8%
268Angelina
71.8%
132Bethany
71.7%
95Jacqueline, Jacquelyn (371)
71.5%
378Susan
71.5%
85Cassandra, Kassandra (248)
71.3%
313Linda
71.2%
152Karen
70.9%
148Valerie
70.9%
255Sophie
70.9%
278Rosa
70.6%
125Jade
70.5%
309Teresa, Theresa (365)
70.3%
46Brooke
69.9%
71Makayla, Mikayla (82), Michaela (103), Mikaela (295), Mckayla (369)
69.7%
138Ariana, Arianna (167)
69.7%
243Aubrey
69.7%
64Mackenzie, Mckenzie (142), Makenzie (269)
69.6%
97Lindsey, Lindsay (161)
68.9%
195Daniela
68.8%
368Jenny
68.6%
194Abby
68.4%
209Karla
68.4%
105Monica
67.9%
67Tiffany
67.9%
104Shannon
67.4%
56Kelsey, Kelsie (351)
67.4%
86Kaylee, Kailey (279), Kayleigh (363)
67.1%
141Carly
67%
158Jillian, Gillian (330)
67%
346Ruth
67%
339Wendy
66.6%
34Destiny, Destinee (307)
66.5%
171Kathleen
66.5%
112Jamie
66.2%
123Maya, Mya (238)
66.2%
110Crystal, Krystal (282)
66.1%
166Riley, Rylee (384)
65.9%
249Maggie
65.8%
256Ruby
65.5%
240Joanna
65.4%
60Bailey, Baylee (317)
65.3%
44Savannah, Savanna (241)
65.2%
231Nina
65.2%
182April
65.2%
349Helen
65.1%
66Marissa, Marisa (213)
65%
372Janet
65%
137Daisy
65%
228Sandra
64.9%
133Adriana, Adrianna (191)
64.5%
373Clara
64.3%
189Tara
64.1%
63Paige
64.1%
215Dana
64.1%
259Julianna, Juliana (289)
64.1%
109Angelica
64.1%
270Natalia
63.8%
205Natasha
63.4%
77Autumn
63.2%
246Avery
63.1%
200Brooklyn
62.7%
126Cynthia
62.6%
149Brenda
62%
150Casey, Kasey (302)
61.6%
208Nancy
61.4%
111Leslie
61.1%
153Lydia
61%
147Ariel
60.9%
310Cassie
60.4%
298Gina
59.9%
325Vivian
59.9%
347Josephine
59.9%
80Miranda
59.9%
119Jada
59.2%
312Allie
59.2%
323Esther
58.7%
384Eleanor
58.4%
128Jocelyn
58.1%
190Naomi
58%
154Kendra
57.5%
131Summer
57.2%
51Sierra, Cierra (181)
56.9%
193Whitney
56.8%
28Sydney, Sidney (271)
56.6%
254Alana
55.8%
113Cassidy, Kassidy (366)
55.5%
49Shelby
54.8%
293Elise
54.7%
187Kendall
54.5%
370Martha
54.5%
62Mariah
54.3%
236Cindy
54.2%
68Sabrina
53.9%
303Denise
53.2%
229Alexia
52.5%
273Elena
52.4%
Rank Name % Correct
360Josie
51.9%
342Heidi
51.3%
382Ivy
51.3%
276Sadie
51.2%
283Camille
51%
336Tamara
50.7%
218Peyton, Payton (227)
50.7%
202Kirsten
50.5%
237Bridget
50.1%
235Katrina
50%
362Virginia
50%
290Valeria
49.8%
199Kyra, Kira (275)
49.2%
314Tia
49.1%
140Selena
48.7%
334Gloria
48.5%
318Krista
48.4%
277Carmen
48.2%
183Kennedy
48.1%
221Serena
47.9%
321Lacey
47.7%
300Callie
47.6%
285Cecilia
46.9%
280Meredith
46.7%
198Cameron, Camryn (367)
46.2%
212Mckenna
46%
338Renee
45.7%
204Mallory
45.7%
222Aaliyah, Aliyah (335)
45.6%
201Ashlyn
45.4%
159Desiree
44.7%
225Tessa
44.3%
244Deanna
43.8%
257Brandi, Brandy (284)
43.8%
377Felicia
43.2%
156Bianca
43%
337Macy
42.3%
344Colleen
42.3%
258Monique
41.6%
233Tori
41.4%
264Kyla
41.4%
266Gianna
40.9%
301Clarissa
40.7%
72Cheyenne, Cheyanne (329)
40.1%
179Claudia
40%
172Kiara, Ciara (251), Kierra (375)
39.9%
281Tabitha
39.7%
239Priscilla
39.4%
319Nadia
38.8%
299Carolina
38.4%
340Mariana
38.3%
376Justine
38.2%
173Skylar, Skyler (296)
38%
374Francesca
36.4%
343Liliana
35.2%
144Karina
34.6%
146Dominique
34.5%
265Anastasia
33.9%
333Reagan
33.8%
322Marina
33.3%
387Jayla
32.8%
291Tiana
31.6%
308Miriam
31.3%
157Alejandra
30%
247Dakota
28.9%
260Genesis
27.7%
326Raquel
27.4%
328Tiara
27.3%
185Raven
27.3%
358Heaven
25.7%
214Tatiana, Tatyana (311)
25.6%
352Harley
25.3%
242Giselle
24.7%
294Logan
24.7%
316Ashton
24.2%
287Brenna
24.2%
306Shayla
23.5%
206Asia
23.3%
220Delaney
23.1%
331Nia
21.5%
164Diamond
20.7%
252Celeste
20.5%
355Tyler
20.3%
224Mercedes
19.8%
226Kiana
19.7%
134Esmeralda
18.4%
262Yesenia
15.6%
203Alondra
14.9%
223Guadalupe
12.5%
383Marisol
11.5%
332Julissa
11.3%
361Mayra
10.5%
320Tyra
10.3%
304Hunter
10%
286Shania
8.6%
354Paola
7.6%
381Precious
5.7%
253Imani
5.4%
245Deja
5.3%
380Tamia
2.8%

You're not logged in!

Compare scores with friends on all Sporcle quizzes.
Join for Free
OR
Log In

You Might Also Like...

Show Comments

Extras

Created Feb 8, 2014SourceReportNominate
Tags:Baby Names Quiz

Top Quizzes Today


Score Distribution

Your Account Isn't Verified!

In order to create a playlist on Sporcle, you need to verify the email address you used during registration. Go to your Sporcle Settings to finish the process.

Report this User

Report this user for behavior that violates our Community Guidelines.

Details: